{"text_format":"2","workbook":"xlsx","n_sheets":3,"sheets":["Serviços","CPU","Mem. Cálc."],"not_rendered":{"charts":0,"images":1,"macros":0,"external_links":1,"defined_names":314,"comments":0,"pivot_tables":0},"unopened":[],"bounds":{"document_bytes":16777216,"sheet_cells":100000,"run_cost":"one","rows_first":2000,"rows_last":500,"rows_between":2000,"halvings":0,"cell_chars":16384,"cell_head_chars":4096},"cells_cut":0,"cells_raw":0,"read":"whole","date_system":"1900"}

{"sheet":"Serviços","index":0,"n_rows":57,"n_cols":9,"rows_kept":57,"cut":false,"hidden":false,"merged":[[6,1,6,8],[10,4,11,4],[1,1,4,8],[10,1,11,1],[10,3,11,3],[8,1,8,6],[5,1,5,8],[10,5,11,5],[10,6,10,8],[7,1,7,8],[9,1,9,6],[54,2,54,7],[12,15,12,18],[28,11,28,13],[34,17,34,20],[26,11,26,15],[30,11,30,15],[29,11,29,15],[12,2,12,7],[19,1,19,7],[20,2,20,7],[39,2,39,7],[43,2,43,7]]}
[]
[]
[]
[]
[]
[null,"CONSTRUÇÃO DE UM (01) ESPAÇO MULTIEVENTOS, NO ESTADO DE ALAGOAS, EM ÁREA DE ATUAÇÃO DA CODEVASF/5ªSR."]
[null,"Data Base: SINAPI  JULHO/2017 Não Desonerado"]
[null,"PLANILHA ORÇAMENTÁRIA DE SERVIÇOS"]
[null,"TOTAL DOS SERVIÇOS (R$)",{"$nulls":5},"BDI",{"$f":"SUM(I20,I13)","v":190536.95999999999}]
[{"$nulls":7},22.12]
[null,"ITEM","COD.","DISCRIMINAÇÃO DOS SERVIÇOS","UNID.","QUANT.","PREÇO (R$)"]
[null,null,"SINAPI",null,null,null,"UNITÁRIO","UNITÁRIO COM BDI","TOTAL"]
[null,"1","SERVIÇOS PRELIMINARES E ADMINISTRAÇÃO",{"$nulls":5},{"$f":"SUM(I14:I19)","v":29808.83}]
[null,"1.1","COMP 1","Mobilização de equipamentos, materiais e pessoal até localidade de realização da obra.","unid.",1,{"$f":"CPU!I28","v":551.44000000000005},{"$f":"G14*(1+H10/100)","v":673.42},{"$f":"F14*H14","v":673.42}]
[null,"1.2","74209/001","Fornecimento e instalação de Placa de identificação de obra com as dimensões de 3,0 m x 2,0 m conforme modelo fornecido pela CODEVASF.","m²",{"$f":"3*2","v":6},320.52999999999997,{"$f":"G15*(1+H10/100)","v":391.43},{"$f":"F15*H15","v":2348.58}]
[null,"1.3","COMP 2","Desmobilização de equipamentos, materiais e pessoal do local de realização da obra.","unid.",1,{"$f":"CPU!I57","v":551.44000000000005},{"$f":"G16*(1+H10/100)","v":673.42},673.42]
[null,"1.4","93207","Instalação e montagem do Canteiro de Obras em chapa de madeira compensada, conforme layout apresentado pela contratada e aceito pela fiscalização.","m²",12,599.16,{"$f":"G17*(1+H10/100)","v":731.69},8780.2800000000007]
[null,"1.5","93212","Execução de sanitário e vestiário em chapa de madeira compensada","m²",3,566.88,{"$f":"G18*(1+H10/100)","v":692.27},2076.81]
[null,"1.6","COMP 3","Administração local, manutenção e conservação do canteiro de obras durante a realização do objeto do contrato.","mês",6,{"$f":"CPU!I90","v":2082.15},{"$f":"G19*(1+H10/100)","v":2542.7199999999998},15256.32]
[null,"SERVIÇOS OBJETO DO CONTRATO",{"$nulls":6},{"$f":"SUM(I21,I40,I44,I55)","v":160728.13}]
[null,"2","EXECUÇÃO DE ESPAÇO MULTIEVENTOS",{"$nulls":5},{"$f":"SUM(I22:I39)","v":116754.85}]
[null,"2.1","73948/016","Limpeza e raspagem manual do terreno com raspagem superficial","m²",1200,3.31,{"$f":"G22*(1+H10/100)","v":4.04},{"$f":"F22*H22","v":4848}]
[null,"2.2","79472","Regularização de superfícies em terra com motoniveladora","m²",1200,0.42,{"$f":"G23*(1+H10/100)","v":0.51},{"$f":"F23*H23","v":612}]
[null,"2.3","74077/002","Locação convencional de obra, através de gabarito de tabuas corridas pontaletadas, com reaproveitamento de 10 vezes.","m²",1004.01,3.8,{"$f":"G24*(1+H10/100)","v":4.6399999999999997},{"$f":"F24*H24","v":4658.6099999999997}]
[null,"2.4","93358","Escavação manual de cavas e valas de fundação.","m³",{"$f":"'Mem. Cálc.'!J18","v":29.95},52.45,{"$f":"G25*(1+H10/100)","v":64.05},1918.3]
[null,"2.5","94319","Aterro compactado manualmente","m³",{"$f":"'Mem. Cálc.'!J22","v":96.25},30.58,{"$f":"G26*(1+H10/100)","v":37.340000000000003},3593.98]
[null,"2.6","93382","Reaterro manual de valas com compactação mecanizada","m³",{"$f":"'Mem. Cálc.'!J23","v":94.41},18.559999999999999,{"$f":"G27*(1+H10/100)","v":22.67},2140.27]
[null,"2.7","73843/001","Muro de contenção em concreto ciclópico","m³",{"$f":"'Mem. Cálc.'!J87","v":19.32},308.35000000000002,{"$f":"G28*(1+H10/100)","v":376.56},7275.14]
[null,"2.8","87507","Alvenaria de vedação de blocos cerâmicos furados na horizontal de 9x14x19 cm (espessura 9cm) com argamassa de preparo em betoneira","m²",{"$f":"'Mem. Cálc.'!J31","v":162.97999999999999},51.32,{"$f":"G29*(1+H10/100)","v":62.67},10213.959999999999]
[null,"2.9","87894","Chapisco aplicado em alvenarias e estruturas de concreto de fachada, com colher de pedreiro, argamassa traço 1:3","m²",{"$f":"'Mem. Cálc.'!J44","v":416.08},4.18,{"$f":"G30*(1+H10/100)","v":5.0999999999999996},2122.0100000000002]
[null,"2.10","87529","Massa única, para recebimento de pintura, em argamassa traço 1:2:8, preparo mecânico, preparo manual","m²",{"$f":"'Mem. Cálc.'!J52","v":323.32},26.17,{"$f":"G31*(1+H10/100)","v":31.96},10333.31]
[null,"2.11","6514","Fornecimento e aplicação de lastro de brita nº 4, com espessura mínima de 3,00 cm, sob o piso da quadra poliesportiva, incluindo transporte, espalhamento e apiloada manualmente","m³",{"$f":"'Mem. Cálc.'!J55","v":20.84},98.08,{"$f":"G32*(1+H10/100)","v":119.78},2496.2199999999998]
[null,"2.12","68333","Piso em concreto 20MPa, preparo mecânico, espessura 7cm, incluso juntas de dilatação em madeira","m²",{"$f":"'Mem. Cálc.'!J68","v":694.55},40.64,{"$f":"G33*(1+H10/100)","v":49.63},34470.519999999997]
[null,"2.13","85662","Armação em tela de aço soldada nervurada Q-92, aço CA-60, 4.2 malha 15x15cm","m²",{"$f":"'Mem. Cálc.'!J72","v":694.55},9.9700000000000006,{"$f":"G34*(1+H10/100)","v":12.18},8459.6200000000008]
[null,"2.14","92718","Concretagem de pilares, fck=25Mpa, inclusive adensamento e acabamento","m³",{"$f":"'Mem. Cálc.'!J82","v":17.82},272.5,{"$f":"G35*(1+H10/100)","v":332.78},5930.14]
[null,"2.15","92778","Armação de pilar ou viga de estrutura convencional de concreto armado utilizando aço CA-50 de 10.0mm","kg",400,8.8000000000000007,{"$f":"G36*(1+H10/100)","v":10.75},4300]
[null,"2.16","94991","Execução de passeio (calçada) em concreto convencional moldado \"in loco\", traço 1:4:8, preparo mecânico, espessura minima de  4 cm, com acabamento desempenado.","m³",{"$f":"'Mem. Cálc.'!J85","v":12.83},359.45,{"$f":"G37*(1+H10/100)","v":438.96},5631.86]
[null,"2.17","74202/001","Laje pre-moldada, sobrecarga 100 kg/m2 E=8cm (arquibancada)","m²",{"$f":"'Mem. Cálc.'!J91","v":33},66.08,{"$f":"G38*(1+H10/100)","v":80.7},2663.1]
[null,"2.18","95624","Aplicação manual de tinta látex acrílica em superfícies externas","m²",{"$f":"'Mem. Cálc.'!J99","v":296.32},14.06,{"$f":"G39*(1+H10/100)","v":17.170000000000002},5087.8100000000004]
[null,"3","ACESSORIOS DO ESPAÇO MULTIEVENTOS",{"$nulls":5},{"$f":"SUM(I41:I43)","v":33516.019999999997}]
[null,"3.1","74244/001","Alambrado estruturado por tubos de aço galvanizado com costura, DIN 2440, diâmetro 2\", com tela de arame galvanizado, fio 14 BWG e malha quadrada 5X5CM","m²",{"$f":"'Mem. Cálc.'!J109","v":237.69},103.79,{"$f":"G41*(1+H10/100)","v":126.75},30127.21]
[null,"3.2","74072/003","Corrimão em tubo de aço galvanizado 1 1/4\" com braçadeira","m",{"$f":"'Mem. Cálc.'!F112","v":32.58},71.430000000000007,{"$f":"G42*(1+H10/100)","v":87.23},2841.95]
[null,"3.3","73794/001","Pintura com tinta protetora e acabamento esmalte sobre superfície metálica, 2 demãos","m²",{"$f":"'Mem. Cálc.'!F115","v":16.29},27.49,{"$f":"G43*(1+H10/100)","v":33.57},546.86]
[null,"4","INSTALAÇÃO ELETRICA ",{"$nulls":5},{"$f":"SUM(I45:I57)","v":9308.89}]
[null,"4.1","13390","Refletor redondo em alumínio anodizado para lâmpada vapor de mercúrio/sódio, corpo em alumínio com pintura epoxi, para lâmpada E-27 de 300 W, com suporte redondo e alça regulável para fixação","unid.",{"$f":"8","v":8},70.180000000000007,{"$f":"G45*(1+H10/100)","v":85.7},685.6]
[null,"4.2","981","Cabo de cobre flexível, classe 4 ou 5, isolação em PVC/A, antichama BWF-B, 1 condutor, 450/750 V, seção nominal 4 mm2","m",{"$f":"200","v":200},2.08,{"$f":"G46*(1+H10/100)","v":2.54},508]
[null,"4.3","2678","Eletroduto de PVC rígido de 25mm ","m",{"$f":"120","v":120},1.29,{"$f":"G47*(1+H10/100)","v":1.58},189.6]
[null,"4.4","3380","Haste de aterrramento em aço com 3,0m DN 5/8\" revestida com baixa camada de cobre, com baixa camada de cobre, com conector tipo grampo","unid.",{"$f":"2","v":2},30,{"$f":"G48*(1+H10/100)","v":36.64},73.28]
[null,"4.5","13393","Quadro de distribuição com barramento trifásico, de embutir, em chapa de aço galvanizado, para 12 disjuntores 100A","unid.",{"$f":"1","v":1},181.96,{"$f":"G49*(1+H10/100)","v":222.21},222.21]
[null,"4.6","34606","Disjuntor bipolar 100A","unid.",6,90.81,{"$f":"G50*(1+H10/100)","v":110.9},665.4]
[null,"4.7","3279","Caixa de inspeção em concreto premoldado, circular, com tampa , D = 60 CM, H= 60 CM","unid.",{"$f":"4","v":4},106.75,{"$f":"G51*(1+H10/100)","v":130.36000000000001},521.44000000000005]
[null,"4.8","5054","Poste de concreto circular, 100Kg, H = 7 M (NBR 8451)","unid.",{"$f":"4","v":4},344.24,{"$f":"G52*(1+H10/100)","v":420.39},1681.56]
[null,"4.9",34711,"Poste Padrão, 50A, com cabeamento, caixa de proteção para medidor e aterramento ","unid.",1,973.12,{"$f":"G53*(1+H10/100)","v":1188.3699999999999},{"$f":"F53*H53","v":1188.3699999999999}]
[null,"4.10","COMP 5","Montagem das instalações elétricas","unid.",1,{"$f":"CPU!I106","v":1045.44},{"$f":"G54*(1+H10/100)","v":1276.69},{"$f":"F54*H54","v":1276.69}]
[null,"5","PLACA DE INAUGURAÇÃO",{"$nulls":5},{"$f":"SUM(I56:I57)","v":1148.3699999999999}]
[null,"5.1","Cotação","Placa de Inauguração de obra","unid.",1,547.82000000000005,{"$f":"G56*(1+H10/100)","v":669},{"$f":"F56*H56","v":669}]
[null,"5.2","COMP 6","Estrutura em aço galvanizado para suporte da placa de inauguração","unid.",1,392.54,{"$f":"G57*(1+H10/100)","v":479.37},{"$f":"F57*H57","v":479.37}]

{"sheet":"CPU","index":1,"n_rows":108,"n_cols":11,"rows_kept":108,"cut":false,"hidden":false,"merged":[[69,1,69,7],[82,1,82,7],[70,1,70,8],[76,1,76,7],[77,1,77,8],[90,3,90,7],[83,1,83,8],[88,3,88,7],[89,1,89,7],[92,1,92,7],[65,1,65,6],[66,1,66,8],[35,1,35,6],[21,1,21,8],[64,1,64,6],[63,3,63,8],[50,1,50,8],[55,3,55,7],[56,1,56,7],[58,1,58,7],[57,3,57,7],[107,1,107,7],[99,1,99,8],[105,1,105,7],[106,3,106,7],[96,3,96,8],[98,1,98,6],[97,1,97,6],[97,7,97,8],[6,1,6,6],[25,1,25,7],[103,1,103,7],[104,3,104,7],[45,1,45,7],[46,1,46,8],[49,1,49,7],[26,3,26,7],[27,1,27,7],[28,3,28,7],[87,1,87,7],[93,1,93,7],[91,1,91,7],[12,1,12,8],[17,1,17,8],[20,1,20,7],[1,1,4,8],[6,7,6,8],[35,7,35,8],[64,7,64,8],[54,1,54,7],[34,3,34,8],[36,1,36,6],[5,3,5,8],[7,1,7,6],[8,1,8,8],[11,1,11,7],[29,1,29,7],[16,1,16,7],[37,1,37,8],[40,1,40,7],[41,1,41,8]]}
[]
[]
[]
[]
[]
[null,"CODEVASF","COMP 1"," COMPOSIÇÃO DE PREÇO UNITÁRIO"]
[null,"OBRA: Construção de Espaço Multieventos ",{"$nulls":5}," Data Base: SINAPI Julho/2017 Não Desonerado"]
[null,"SERVIÇO :Mobilização de equipamentos, materiais e pessoal.",{"$nulls":5},"UNIDADE: ","unid."]
[null,"EQUIPAMENTO"]
[null,"DISCRIMINAÇÃO","UNID","QUANT.","PROD","IMPROD","P.UNIT. PROD","P.UNIT. IMPR","P.TOTAL"]
[null,"Sinapi 5824 - CAMINHÃO TOCO, PBT 16.000 KG, CARGA ÚTIL MÁX. 10.685 KG, DIST. ENTRE EIXOS 4,8 M, POTÊNCIA 189 CV, INCLUSIVE CARROCERIA FIXA ABERTA DE MADEIRA P/ TRANSPORTE GERAL DE CARGA SECA, DIMEN. APROX. 2,5 X 7,00 X 0,50","chp",4,null,null,112.86,null,{"$f":"G11*D11","v":451.44}]
[null,"SUB-TOTAL",{"$nulls":6},{"$f":"SUM(I11:I11)","v":451.44}]
[null,"MATERIAL"]
[null,"DISCRIMINAÇÃO","UNID","QUANT.",null,null,null,"P.UNIT.","P.TOTAL"]
[null,"Passagem de ônibus ","unid.",20,null,null,null,5,{"$f":"D15*H15","v":100}]
[]
[null,"SUB-TOTAL",{"$nulls":6},{"$f":"SUM(I15:I16)","v":100}]
[null,"SERVIÇOS - COMPOSIÇÕES AUXILIARES"]
[null,"DISCRIMINAÇÃO","UNID","QUANT.",null,null,null,"P.UNIT.","P.TOTAL"]
[]
[null,"SUB-TOTAL"]
[null,"MÃO DE OBRA"]
[null,"DISCRIMINAÇÃO","UNID","QUANT.",null,null,null,"P.UNIT.","P.TOTAL"]
[]
[]
[null,"SUB-TOTAL"]
[null,"PRODUÇÃO DA EQUIPE",1,"CUSTO ",{"$nulls":4},{"$f":"I26+I21+I17+I12","v":551.44000000000005}]
[null,"TOTAL - R$",{"$nulls":6},{"$f":"I27/C27","v":551.44000000000005}]
[null,"BDI                ",22.12,"%",{"$nulls":4},{"$f":"C29/100*I28","v":121.98}]
[null,"TOTAL DO SERVIÇO - R$",{"$nulls":6},{"$f":"I29+I28","v":673.42}]
[]
[]
[]
[]
[null,"CODEVASF","COMP 2"," COMPOSIÇÃO DE PREÇO UNITÁRIO"]
[null,"OBRA: Construção de Espaço Multieventos ",{"$nulls":5}," Data Base: SINAPI Julho/2017 Não Desonerado"]
[null,"SERVIÇO : Desmobilização de equipamentos, materiais e pessoal.",{"$nulls":5},"UNIDADE: ","unid."]
[null,"EQUIPAMENTO"]
[null,"DISCRIMINAÇÃO","UNID","QUANT.","PROD","IMPROD","P.UNIT. PROD","P.UNIT. IMPR","P.TOTAL"]
[null,"Sinapi 5824 - CAMINHÃO TOCO, PBT 16.000 KG, CARGA ÚTIL MÁX. 10.685 KG, DIST. ENTRE EIXOS 4,8 M, POTÊNCIA 189 CV, INCLUSIVE CARROCERIA FIXA ABERTA DE MADEIRA P/ TRANSPORTE GERAL DE CARGA SECA, DIMEN. APROX. 2,5 X 7,00 X 0,50","chp",4,null,null,112.86,null,{"$f":"G40*D40","v":451.44}]
[null,"SUB-TOTAL",{"$nulls":6},{"$f":"SUM(I40:I40)","v":451.44}]
[null,"MATERIAL"]
[null,"DISCRIMINAÇÃO","UNID","QUANT.",null,null,null,"P.UNIT.","P.TOTAL"]
[null,"Passagem de ônibus para Petrolina.","unid.",20,null,null,null,5,{"$f":"D44*H44","v":100}]
[]
[null,"SUB-TOTAL",{"$nulls":6},{"$f":"SUM(I44:I45)","v":100}]
[null,"SERVIÇOS - COMPOSIÇÕES AUXILIARES"]
[null,"DISCRIMINAÇÃO","UNID","QUANT.",null,null,null,"P.UNIT.","P.TOTAL"]
[]
[null,"SUB-TOTAL"]
[null,"MÃO DE OBRA"]
[null,"DISCRIMINAÇÃO","UNID","QUANT.",null,null,null,"P.UNIT.","P.TOTAL"]
[]
[]
[null,"SUB-TOTAL"]
[null,"PRODUÇÃO DA EQUIPE",1,"CUSTO ",{"$nulls":4},{"$f":"I55+I50+I46+I41","v":551.44000000000005}]
[null,"TOTAL - R$",{"$nulls":6},{"$f":"I56/C56","v":551.44000000000005}]
[null,"BDI                ",22.12,"%",{"$nulls":4},{"$f":"C58/100*I57","v":121.98}]
[null,"TOTAL DO SERVIÇO - R$",{"$nulls":6},{"$f":"I58+I57","v":673.42}]
[]
[]
[]
[]
[null,"CODEVASF","COMP 3"," COMPOSIÇÃO DE PREÇO UNITÁRIO"]
[null,"OBRA: Construção de Espaço Multieventos",{"$nulls":5}," Data Base: SINAPI Julho/2017 Não Desonerado"]
[null,"SERVIÇO : Administração local e manutenção do canteiro de obras.",{"$nulls":5},"UNIDADE: ","mês"]
[null,"EQUIPAMENTO"]
[null,"DISCRIMINAÇÃO","UNIDADE","QUANT.","PROD","IMPROD","P.UNIT. PROD","P.UNIT. IMPR","P.TOTAL"]
[null,"Veículo comercial leve","mês",0.5,null,null,2500,null,{"$f":"D69*G69","v":1250}]
[null,"SUB-TOTAL",{"$nulls":6},{"$f":"SUM(I69:I69)","v":1250}]
[null,"MATERIAL"]
[null,"DISCRIMINAÇÃO","UNIDADE","QUANT.",null,null,null,"P.UNIT.","P.TOTAL"]
[null,"Kit 1º socorros","mês",1,null,null,null,50,{"$f":"D73*H73","v":50}]
[null,"Material de limpeza","mês",1,null,null,null,60,{"$f":"D74*H74","v":60}]
[null,"EPI","mês",1,null,null,null,100,{"$f":"D75*H75","v":100}]
[]
[null,"SUB-TOTAL",{"$nulls":6},{"$f":"SUM(I73:I76)","v":210}]
[null,"SERVIÇOS - COMPOSIÇÕES AUXILIARES"]
[null,"DISCRIMINAÇÃO","UNIDADE","QUANT.",null,null,null,"P.UNIT.","P.TOTAL"]
[null,"Água","mês",1,null,null,null,50,{"$f":"D80*H80","v":50}]
[null,"Energia","mês",1,null,null,null,150,{"$f":"D81*H81","v":150}]
[]
[null,"SUB-TOTAL",{"$nulls":6},{"$f":"SUM(I80:I82)","v":200}]
[null,"MÃO DE OBRA"]
[null,"DISCRIMINAÇÃO","UNIDADE","QUANT.",null,null,null,"P.UNIT.","P.TOTAL"]
[null,"Engenheiro Junior","h",5,null,null,null,84.43,{"$f":"D86*H86","v":422.15}]
[]
[null,"SUB-TOTAL",{"$nulls":6},{"$f":"SUM(I86:I87)","v":422.15}]
[null,"PRODUÇÃO DA EQUIPE",1,"CUSTO ",{"$nulls":4},{"$f":"I70+I77+I83+I88","v":2082.15}]
[null,"TOTAL - R$",{"$nulls":6},{"$f":"I89/C89","v":2082.15}]
[null,"BDI                ",22.12,"%",{"$nulls":4},{"$f":"C91/100*I90","v":460.57}]
[null,"TOTAL MÊS - R$",{"$nulls":6},{"$f":"I91+I90","v":2542.7199999999998}]
[null,"Nº MESES ",{"$nulls":6},1]
[null,"TOTAL DO SERVIÇO - R$",{"$nulls":6},{"$f":"I92*I93","v":2542.7199999999998},null,{"$f":"I94/Serviços!I9","v":1.3345022404052199E-2}]
[]
[]
[null,"CODEVASF","COMP 5"," COMPOSIÇÃO DE PREÇO UNITÁRIO"]
[null,"OBRA: Construção de Espaço Multieventos ",{"$nulls":5}," Data Base: SINAPI Julho/2017 Não Desonerado"]
[null,"SERVIÇO : Montagem das instalaçõe elétricas",{"$nulls":5},"UNIDADE: ","unid."]
[null,"MÃO DE OBRA"]
[null,"DISCRIMINAÇÃO","UNIDADE","QUANT.",null,null,null,"P.UNIT.","P.TOTAL"]
[null,"Eletricista","h",36,null,null,null,16.59,{"$f":"D102*H102","v":597.24}]
[null,"Servente","h",36,null,null,null,12.45,{"$f":"D103*H103","v":448.2}]
[null,"SUB-TOTAL",{"$nulls":6},{"$f":"SUM(I102:I103)","v":1045.44}]
[null,"PRODUÇÃO DA EQUIPE",1,"CUSTO ",{"$nulls":4},{"$f":"I104","v":1045.44}]
[null,"TOTAL - R$",{"$nulls":6},{"$f":"I105/C105","v":1045.44}]
[null,"BDI                ",22.12,"%",{"$nulls":4},{"$f":"C107/100*I106","v":231.25}]
[null,"TOTAL DO SERVIÇO - R$",{"$nulls":6},{"$f":"I107+I106","v":1276.69}]

{"sheet":"Mem. Cálc.","index":2,"n_rows":115,"n_cols":14,"rows_kept":115,"cut":false,"hidden":false,"merged":[[114,0,114,3],[106,0,106,3],[107,0,107,3],[108,0,108,8],[110,0,110,3],[111,0,111,3],[113,0,113,3],[97,0,97,3],[96,0,96,3],[104,0,104,3],[105,0,105,3],[101,0,101,3],[100,0,100,3],[102,0,102,3],[103,0,103,8],[57,11,57,14],[58,0,58,3],[58,11,58,14],[60,0,60,3],[60,11,60,14],[62,11,62,14],[65,0,65,3],[70,0,70,3],[71,0,71,8],[17,0,17,8],[14,0,14,3],[38,0,38,3],[39,0,39,3],[43,0,43,8],[32,0,32,3],[35,0,35,3],[40,0,40,3],[41,0,41,3],[42,0,42,3],[26,0,26,3],[27,0,27,3],[30,0,30,8],[29,0,29,3],[37,0,37,3],[28,0,28,3],[36,0,36,3],[33,0,33,3],[34,0,34,3],[0,3,1,9],[2,1,2,7],[2,8,2,9],[3,1,3,7],[3,8,3,9],[4,0,4,9],[0,0,1,2],[7,0,7,3],[25,0,25,3],[24,0,24,3],[6,5,6,9],[9,0,9,9],[8,0,8,3],[13,0,13,3],[15,0,15,3],[22,0,22,8],[5,0,5,9],[6,0,6,3],[20,0,20,3],[19,0,19,3],[18,0,18,9],[10,0,10,3],[12,0,12,3],[16,0,16,3],[45,0,45,3],[46,0,46,3],[47,0,47,3],[51,0,51,8],[53,0,53,3],[50,0,50,3],[49,0,49,3],[69,0,69,3],[54,0,54,3],[57,0,57,3],[59,0,59,3],[56,0,56,3],[62,0,62,3],[66,0,66,3],[63,0,63,8],[67,0,67,8],[86,0,86,3],[87,0,87,3],[21,0,21,3],[11,0,11,3],[93,0,93,3],[94,0,94,3],[95,0,95,3],[98,0,98,8],[84,0,84,3],[91,0,91,9],[92,0,92,3],[79,0,79,3],[83,0,83,3],[89,0,89,3],[90,0,90,3],[81,0,81,8],[73,0,73,3],[75,0,75,3],[76,0,76,3],[80,0,80,3],[74,0,74,3],[77,0,77,3],[78,0,78,3],[48,0,48,3]]}
[null,null,null,"Ministério da Integração Nacional \nCompanhia de Desenvolvimento dos Vales do São Francisco e do Parnaíba"]
[]
["OBRA:","CONSTRUÇÃO DE UM ESPAÇO MULTIEVENTOS",{"$nulls":6},"Composição: Material e mão de obra"]
["LOCAL: ","ÁGUA BRANCA- AL.",{"$nulls":6},"SINAPI JULHO/2017"]
[]
["MEMÓRIA CÁLCULOS QUANTITATIVOS "]
["DESCRIÇÃO DOS SERVIÇOS",null,null,null,"UNID.","CÁLCULO"]
["LOCAÇÃO ",null,null,null,"M²","COMPRIMENTO","LARGURA","PROFUND.","VEZES","TOTAL"]
["LOCAÇÃO = LIMPEZA DO TERRENO",null,null,null,"M²",37.93,26.47,null,1,{"$f":"F9*G9*I9","v":1004.01}]
[]
["ESCAVAÇÃO MANUAL",null,null,null,"M³","EXTENSÃO","LARGURA","PROFUND.","VEZES","VOLUME"]
["ALVENARIA DE PEDRA -CONTORNO CALÇADA",null,null,null,"M³",{"$f":"37.93+37.93+26.47+26.47","v":128.80000000000001},0.25,0.25,null,{"$f":"F12*G12*H12","v":8.0500000000000007}]
[]
["CINTAMENTO INTERNO = MURETA - ESCAVAÇÃO ( VIGAS)",null,null,null,"M³",{"$f":"20.47+20.47+33.93+33.93","v":108.8},0.25,0.4,1,{"$f":"F14*G14*H14*I14","v":10.88}]
["SAPATA (PILARES) - MURETA",null,null,null,"M³",0.6,0.6,0.85,{"$f":"12+12+6+6","v":36},{"$f":"F15*G15*H15*I15","v":11.02}]
[]
[]
["TOTAL ESCAVAÇÃO MANUAL",{"$nulls":8},{"$f":"SUM(J12:J17)","v":29.95}]
[]
["REATERRO e ATERRO",null,null,null,"M³","EXTENSÃO ","DESCONTO","PROFUND.","VEZES","VOLUME"]
["VOLUME ESCAV.( -) VOLUME ESTRUTURA (CONCRETO 1:4:8 + CONCRETO 20MPA)",null,null,null,"M³",{"$f":"J18","v":29.95},{"$f":"J64","v":31.79},null,null,{"$f":"F21-G21","v":-1.84}]
["Aterro interno compactado manualmente - calçada",null,null,null,"M³",{"$f":"F85","v":320.83999999999997},null,0.3,null,{"$f":"F22*H22","v":96.25}]
["TOTAL REATERRO",{"$nulls":8},{"$f":"SUM(J21:J22)","v":94.41}]
[]
["ALVENARIA, 1/2 VEZ, EM TIJOLO CERÂMICO",null,null,null,"M²","EXTENSÃO ","ALTURA","PROFUND.","VEZES","ÁREA"]
["ALVENARIA EM TIJOLO CERÂMICO - MURETA",null,null,null,"M²",{"$f":"20.47+20.47+33.93+33.93","v":108.8},0.85,null,1,{"$f":"F26*G26*I26","v":92.48}]
["ALVENARIA EM TIJOLO CERÂMICO - ARQUIBANCADA",null,null,null,"M²",15,0.9,null,2,{"$f":"F27*G27*I27","v":27}]
["ALVENARIA EM TIJOLO CERÂMICO - ARQUIBANCADA",null,null,null,"M²",15,{"$f":"0.45+0.45","v":0.9},null,2,{"$f":"F28*G28*I28","v":27}]
["ALVENARIA EM TIJOLO CERÂMICO - ARQUIBANCADA",null,null,null,"M²",15,0.45,null,2,{"$f":"F29*G29*I29","v":13.5}]
["ALVENARIA EM TIJOLO CERÂMICO - ARQUIBANCADA LATERAIS",null,null,null,"M²",0.75,null,null,4,{"$f":"F30*I30","v":3}]
["TOTAL ALVENARIA EM TIJOLO CERÂMICO",{"$nulls":8},{"$f":"SUM(J26:J30)","v":162.97999999999999}]
[]
["CHAPISCO ",null,null,null,"M²","EXTENSÃO / ÁREA","LARGURA","PROFUND.","VEZES","ÁREA"]
["ALVENARIA / MURETA",null,null,null,"M²",{"$f":"F26","v":108.8},1.1000000000000001,null,2,{"$f":"F34*G34*I34","v":239.36}]
["ALVENARIA / ARQUIBANCADA",null,null,null,"M²",15,0.9,null,4,{"$f":"F35*G35*I35","v":54}]
["ALVENARIA / ARQUIBANCADA",null,null,null,"M²",15,{"$f":"0.45+0.45","v":0.9},null,4,{"$f":"F36*G36*I36","v":54}]
["ALVENARIA / ARQUIBANCADA",null,null,null,"M²",15,0.45,null,4,{"$f":"F37*G37*I37","v":27}]
["ALVENARIA EM TIJOLO CERÂMICO - ARQUIBANCADA LATERAIS",null,null,null,"M²",0.74,null,null,8,{"$f":"F38*I38","v":5.92}]
["ALVENARIA DE PEDRA -CONTORNO CALÇADA",null,null,null,"M²",{"$f":"F12","v":128.80000000000001},0.25,null,1,{"$f":"F39*G39*I39","v":32.200000000000003}]
["CINTAMENTO INTERNO - MURETA",null,null,null,"M²",128.6,0.3,null,2,null,null,"NÃO"]
["SAPATA - MURETA ",null,null,null,"M²",{"$f":"F79","v":0.25},null,null,36,null,null,"NÃO"]
["ARQUIBANCADA - CINTAMENTO",null,null,null,"M²",45,0.2,null,2,null,null,"NÃO"]
["BASE / BICICLETÁRIO",null,null,null,"M²",2,0.3,null,6,{"$f":"F43*G43*I43","v":3.6},null,"NÃO"]
["TOTAL CHAPISCO ",{"$nulls":8},{"$f":"SUM(J34:J43)","v":416.08}]
[]
["REBOCO",null,null,null,"M²","EXTENSÃO ","LARGURA","PROFUND.","VEZES","ÁREA"]
["ALVENARIA /DE CONTORNO",null,null,null,"M²",{"$f":"F34","v":108.8},{"$f":"G34","v":1.1000000000000001},null,2,{"$f":"F47*G47*I47","v":239.36}]
["ALVENARIA / ARQUIBANCADA",null,null,null,"M²",15,0.9,null,2,{"$f":"F48*G48*I48","v":27}]
["ALVENARIA / ARQUIBANCADA",null,null,null,"M²",15,{"$f":"0.45+0.45","v":0.9},null,2,{"$f":"F49*G49*I49","v":27}]
["ALVENARIA / ARQUIBANCADA",null,null,null,"M²",15,0.45,null,4,{"$f":"F50*G50*I50","v":27}]
["ALVENARIA EM TIJOLO CERÂMICO - ARQUIBANCADA LATERAIS",null,null,null,"M²",0.74,null,null,4,{"$f":"F51*I51","v":2.96}]
["TOTAL REBOCO",{"$nulls":8},{"$f":"SUM(J47:J51)","v":323.32}]
[]
["LASTRO DE BRITA PARA O PISO",null,null,null,"M³","EXTENSÃO ","LARGURA","PROFUND.","VEZES","VOLUME"]
["LASTRO DE BRITA 2 OU 3",null,null,null,"M³",33.93,20.47,0.03,1,{"$f":"F55*G55*H55*I55","v":20.84}]
[]
["CONCRETO NÃO ESTRUTURAL 1:4:8",null,null,null,"M³","EXTENSÃO ","LARGURA","PROFUND.","VEZES","VOLUME"]
["PERIMETRO CINTAMENTO EXTERNO",null,null,null,"M³",155.63999999999999,0.25,0.05,1,null,null,"NÃO"]
["CINTAMENTO INTERNO - MURETA (menos pilares)",null,null,null,"M³",{"$f":"F14","v":108.8},0.25,0.05,1,{"$f":"F59*G59*H59*I59","v":1.36},null,"0,15*0,50"]
["SAPATA - MURETA ",null,null,null,"M³",0.6,0.6,0.05,36,{"$f":"F60*G60*H60*I60","v":0.65}]
["ARQUIBANCADA",null,null,null,"M³",{"$f":"45+2.2","v":47.2},0.25,0.05,2,{"$f":"F61*G61*H61*I61","v":1.18}]
["CONCRETO MAGRO - COMPLEMENTO PISO",null,null,null,"M³",{"$nulls":4},28]
["CHUMBAMENTO BASE / BICICLETÁRIO",null,null,null,"M³",0.5,0.5,0.4,6,{"$f":"F63*G63*H63*I63","v":0.6}]
["TOTAL CONCRETO NÃO ESTRUTURAL",{"$nulls":8},{"$f":"SUM(J58:J63)","v":31.79}]
[]
["PISO CONCRETO ARMADO FCK=20MPA",null,null,null,"M²","EXTENSÃO ","LARGURA","PROFUND.","VEZES","ÁREA"]
["PISO EM CONCRETO, e=8cm",null,null,null,"M²",33.93,20.47,null,1,{"$f":"F67*G67*I67","v":694.55}]
["TOTAL PISO CONCRETO ARMADO FCK= 20MPA",{"$nulls":8},{"$f":"SUM(J67)","v":694.55}]
[]
["PISO - MALHA POP DE AÇO, DIAMETRO= 4,2MM - CA 50",null,null,null,"M²","EXTENSÃO ","LARGURA","PROFUND.","VEZES","ÁREA"]
["PISO",null,null,null,"M²",33.93,20.47,null,1,{"$f":"F71*G71*I71","v":694.55}]
["TOTAL MALHA DE AÇO",{"$nulls":8},{"$f":"SUM(J71)","v":694.55}]
[{"$nulls":13},{"$f":"J82+J64","v":49.61}]
["CONCRETO ARMADO FCK= 20MPA",null,null,null,"M³","EXTENSÃO ","LARGURA","PROFUND.","VEZES","VOLUME"]
["ARQUIBANCADA - PILARESTES",null,null,null,"M³",0.15,0.15,0.45,14,{"$f":"F75*G75*H75*I75","v":0.14000000000000001},null,"a cada 2,5 "]
["ARQUIBANCADA - PILARESTES",null,null,null,"M³",0.15,0.15,0.9,14,{"$f":"F76*G76*H76*I76","v":0.28000000000000003}]
["PERIMETRO CINTAMENTO INFERIO - MURETA",null,null,null,"M³",{"$f":"F14","v":108.8},0.15,0.15,1,2.4500000000000002]
["CINTAMENTO INTERNO - MURETA (menos pilares)",null,null,null,"M³",{"$f":"F59","v":108.8},0.15,0.3,1,4.9000000000000004]
["SAPATA - MURETA ",null,null,null,"M³",0.25,null,0.5,36,{"$f":"F79*H79*I79","v":4.5},null,"PILARES A CADA 3M"]
["PILARETES MURETA",null,null,null,"M³",0.15,0.15,1.6,36,{"$f":"F80*G80*H80*I80","v":1.3}]
["ARQUIBANCADA - CINTAMENTO",null,null,null,"M³",{"$f":"45+2.2","v":47.2},0.15,0.3,2,4.25]
["TOTAL CONCRETO ARMADO",{"$nulls":8},{"$f":"SUM(J75:J81)","v":17.82}]
[]
["CALÇADA EM CONCRETO 1:4:8 - DESEMPENADO",null,null,null,"M³","ÁREA","LARGURA","DESCONTO","espessura","VOLUME"]
["CALÇADA EM CONCRETO 1:4:8, E=4CM = ÁREA EXTERNA A QUADRA",null,null,null,"M³",320.83999999999997,null,null,0.04,{"$f":"(F85-H85)*I85","v":12.83},null,{"$f":"F85-H85","v":320.83999999999997}]
[]
["ALVENARIA DE PEDRA ARGAMASSADA",null,null,null,"M3",{"$f":"F12","v":128.80000000000001},0.3,0.5,null,{"$f":"F87*G87*H87","v":19.32}]
[]
[]
["LAJE - ARQUIBANCADA",null,null,null,"M²","EXTENSÃO ","LARGURA","PROFUND.","VEZES","ÁREA"]
["LAJE PRÉ-MOLDADA",null,null,null,"M²",15,1.1000000000000001,null,2,{"$f":"F91*G91*I91","v":33}]
[]
["PINTURA LATEX ACRILICO",null,null,null,"M²","EXTENSÃO ","LARGURA","PROFUND.","VEZES","ÁREA"]
["PAREDES - MURETA",null,null,null,"M²",{"$f":"F34","v":108.8},null,1.1000000000000001,2,{"$f":"F94*H94*I94","v":239.36}]
["PAREDES - ARQUIBANCADA",null,null,null,"M²",15,null,0.9,2,{"$f":"F95*H95*I95","v":27}]
["PAREDES - ARQUIBANCADA",null,null,null,"M²",15,null,0.45,2,{"$f":"F96*H96*I96","v":13.5}]
["PAREDES - ARQUIBANCADA",null,null,null,"M²",15,null,0.45,2,{"$f":"F97*H97*I97","v":13.5}]
["ALVENARIA EM TIJOLO CERÂMICO - ARQUIBANCADA LATERAIS",null,null,null,"M²",0.74,null,null,4,{"$f":"F98*I98","v":2.96}]
["TOTAL PINTURA LATEX ACRILICO",{"$nulls":8},{"$f":"SUM(J94:J98)","v":296.32}]
[]
["PINTURA ACRILICA",null,null,null,"M²","EXTENSÃO ","LARGURA","PROFUND.","VEZES","ÁREA"]
["LAJE PRÉ-MOLDADA",null,null,null,"M²",15,1.1000000000000001,null,2,{"$f":"F102*I102","v":30}]
["DEMARCAÇÃO ACESSO CADEIRANTES",null,null,null,"M²",2.64,null,null,2,{"$f":"F103*I103","v":5.28}]
["TOTAL PINTURA ACRILICA",{"$nulls":8},{"$f":"SUM(J102:J103)","v":35.28}]
["FORNECIMENTO E ASSENTAMENTO DE ALAMBRADO",null,null,null,"M²","EXTENSÃO ","LARGURA","PROFUND.","VEZES","ÁREA"]
["ALAMBRADO - ",null,null,null,"M²",{"$nulls":4},237.69]
[]
[]
["TOTAL ALAMBRADO",{"$nulls":8},{"$f":"SUM(J106:J108)","v":237.69}]
[]
["CORRIMÃO",null,null,null,"M","EXTENSÃO ","LARGURA","PROFUND.","VEZES","COMPR."]
["CORRIMÃO / BICICLETÁRIO",null,null,null,"M",32.58,null,null,null,{"$f":"F112","v":32.58}]
[]
["PINTURA CORRIMÃO",null,null,null,"M²","EXTENSÃO ","LARGURA","PROFUND.","PI","ÁREA"]
["PINTURA CORRIMÃO / BICICLETÁRIO",null,null,null,"M²",16.29,3.8100000000000002E-2,4,3.14,{"$f":"F115*G115*H115*I115","v":7.8}]